Nástup mladých jazdcov Medzinárodné majstrovstvá Slovenska v motokrose na Myjave

Bibliographic Details
Main Author: Szabó, Michal (Author)
Format: Article
Language:Slovak
PhysicalDescription:Obr. 4
Subjects:

MARC

LEADER 00000nab a2200000 a 4500
001 vtls000623711
003 SK-MaSNL
005 20260302185004.0
008 160401c1997 xo 0 slo
015 |a SNBRB19rr/mm-uuuuu 
035 |a CL0623850 
040 |a SNKBUCL  |b slo  |c SNKBUCL  |e AACR2 
041 0 |a slo 
044 |a xo  |c SK 
080 |a 796.71.093.(437.6)  |2 1981 
100 1 |a Szabó, Michal  |4 aut  |9 268629 
245 1 0 |a Nástup mladých jazdcov  |b Medzinárodné majstrovstvá Slovenska v motokrose na Myjave  |c Michal Szabó 
300 |b Obr. 4 
650 0 7 |a motokros  |2 snkbucl  |9 14164 
655 7 |a články z novín a časopisov  |2 snkbucl  |9 267496 
773 0 |t Stop  |g Roč. 27, č. 12 (1997), s. 47-48 
850 |a Slovenská národná knižnica v Martine  |a MTA001 
852 |a SNK  |b KIS3GCP 
958 |a RK 
958 |a RBX 
999 |c 1427621  |d 1429551